Historia de la Teoria Politica (Record no. 5306)
[ view plain ]
| 000 -CABECERA | |
|---|---|
| campo de control de longitud fija | 01047nam a22001697a 4500 |
| 020 ## - NUMERO INTERNACIONAL NORMALIZADO PARA LIBROS (ISBN) | |
| International Standard Book Number | 9789681641993 |
| 080 ## - NUMERO DE CLASIFICACION DECIMAL UNIVERSAL (CDU) | |
| Número de la Clasificación Decimal Universal | 342 Sa 13 |
| 100 ## - ASIENTO PRINCIPAL--NOMBRE PERSONAL | |
| Nombre personal | Sabine, George H. |
| 245 ## - MENCION DE TITULO | |
| Título propiamente dicho | Historia de la Teoria Politica |
| 250 ## - MENCION DE EDICION | |
| Mención de edición | 3° Ed. 14° Reimp. |
| 260 ## - PUBLICACION, DISTRIBUCION, ETC. (PIE DE IMPRENTA) | |
| Lugar de publicación, distribución, etc. | Mexico: |
| Nombre del editor, distribuidor, etc. | Fondo de Cultura economica, |
| Fecha de publicación, distribución, etc. | 2019 |
| 300 ## - DESCRIPCION FISICA | |
| Extensión | 697 P. |
| Dimensiones | 23 X 16 Cm. |
| 490 ## - MENCION DE SERIE | |
| Mención de serie | Obras de Politica y Derecho |
| 650 ## - ASIENTO SECUNDARIO DE MATERIA - TERMINO TEMATICO | |
| Subdivisión general | teoria politica |
| -- | ideas politicas |
| -- | instituciones politicas |
| -- | pensamiento politico |
| -- | ciudad estado |
| -- | filosofia politica |
| -- | Platon |
| -- | Aristoteles |
| -- | la Republica |
| -- | el politico y las leyes |
| -- | Ciceron |
| -- | Seneca |
| -- | Marcilio de Padua |
| -- | Guillermo de Occam |
| -- | Felipe el hermoso |
| -- | feudalismo |
| -- | Gregorio VIII |
| -- | Santo Tomas |
| -- | Iglesia estado medieval |
| -- | Maquiavelo |
| -- | Juan Bodino |
| -- | Hugo Grocio |
| -- | Calvino |
| -- | Martin Lutero |
| -- | Thomas Hobbes |
| -- | materialismo cientifico |
| -- | derecho natural |
| -- | Locke |
| -- | Voltaire |
| -- | Rousseau |
| -- | Hume |
| -- | Hegel |
| -- | dialectica |
| -- | Marx |
| -- | materialismo dialectico |
| -- | liberalismo |
| -- | Jhon Stuart Mill |
| -- | lucha de clases |
| -- | comunismo |
| -- | Lenim |
| -- | fascismo |
| -- | nacionalsocialismo |
| 945 ## - INFORMACION DE PROCESAMIENTO LOCAL | |
| Responsable de carga/modificación | Celeste Delía |
| AAAA-MM-DD - Fecha de ingreso/modificación | 2023-07-06 |
| 942 ## - ELEMENTOS AGREGADOS (KOHA) | |
| Clasificación normalizada de Koha para alfabetizar | _ |
| Retirado | Perdido | Fuente de clasificación | Dañado | No se presta | Ubicación permanente | Locación actual | Estante o sala | Fecha de adquisición | Total préstamos | Signatura topográfica | Inventario | Ultima fecha vista | Ultima fecha prestado | Fecha del precio | Tipo de item de Koha |
|---|---|---|---|---|---|---|---|---|---|---|---|---|---|---|---|
| Bib. Derecho | Bib. Derecho | Sala de Lectura | 06/07/2023 | 2 | 342 Sa 13 | 204388 | 11/09/2025 | 05/09/2025 | 06/07/2023 | LIBRO (Consulta) |
